Fill the World Map by Country Pairs with Longest Border - Statistics

General Stats
  • This quiz has been taken 1,616 times
  • The average score is 27 of 122
Answers on the Map
Answers color-coded by a green-red scale on the quiz's map according to % correct below.
 
Answer Stats
Country % Correct
Canada
100%
United States
100%
Kazakhstan
86%
Russia
85%
Argentina
79%
Chile
79%
China
78%
Mongolia
78%
Bangladesh
50%
India
50%
Bolivia
49%
Brazil
49%
Angola
46%
D. R. Congo
46%
Afghanistan
45%
Pakistan
45%
Mali
41%
Mauritania
41%
Colombia
39%
Venezuela
39%
Laos
36%
Vietnam
36%
South Sudan
35%
Sudan
35%
Botswana
30%
Norway
30%
South Africa
30%
Sweden
30%
Algeria
29%
Morocco
29%
Myanmar
29%
Thailand
29%
Cameroon
26%
Ethiopia
26%
Indonesia
26%
Malaysia
26%
Somalia
26%
Turkmenistan
26%
Uzbekistan
26%
Iran
25%
Iraq
25%
Nigeria
25%
Egypt
23%
Gabon
23%
Libya
23%
Rep. of the Congo
23%
Central African Republic
22%
Chad
22%
Ecuador
22%
Peru
22%
Saudi Arabia
22%
Yemen
22%
Malawi
21%
Mozambique
21%
Portugal
19%
Spain
19%
Guatemala
17%
Kenya
17%
Mexico
17%
Uganda
17%
Ukraine
17%
Moldova
16%
Syria
14%
Turkey
14%
Zambia
14%
Zimbabwe
14%
Czech Republic
13%
Germany
13%
Ghana
12%
Togo
12%
Burkina Faso
11%
France
11%
Gambia
11%
Kyrgyzstan
11%
Niger
11%
Senegal
11%
Tajikistan
11%
Belgium
10%
Bosnia and Herzegovina
9%
Côte d'Ivoire
9%
Croatia
9%
Honduras
9%
Italy
9%
Liberia
9%
Nicaragua
9%
Switzerland
9%
Bulgaria
8%
Burundi
8%
Guinea
8%
Guyana
8%
North Korea
8%
Oman
8%
Romania
8%
Sierra Leone
8%
South Korea
8%
Suriname
8%
Tanzania
8%
United Arab Emirates
8%
Belarus
7%
Dominican Republic
7%
Haiti
7%
Ireland
7%
Lithuania
7%
United Kingdom
7%
Armenia
6%
Azerbaijan
6%
Hungary
6%
Slovakia
6%
Austria
5%
Estonia
5%
Latvia
5%
Slovenia
5%
Albania
4%
Costa Rica
4%
Djibouti
4%
Eritrea
4%
Greece
4%
Israel
4%
Jordan
4%
Panama
4%
Kosovo
3%
Serbia
3%
No matching quizzes found
Score Distribution
Percent of People with Each Score
Percentile by Number Answered
Your Score History
You have not taken this quiz